| 000 | 005190000a22001930004500 | ||
|---|---|---|---|
| 001 | 004785 | ||
| 003 | MACL | ||
| 005 | 20150910120132.0 | ||
| 008 | 150910b xxu||||| |||| 00| 0 eng d | ||
| 040 |
_aMACL _cMACL |
||
| 041 | _aEnglish | ||
| 082 | _a821/REG | ||
| 100 |
_aEngblom, Philip _99775 |
||
| 245 |
_aFire, Water , Earh And Wind _bselected Poems Of Purushottam Shivram Rege _cPhilip Engblom |
||
| 260 |
_aBombay _c1993 _bDisha Books, |
||
| 350 | _a40 | ||
| 650 |
_aEnglish Poetry _96237 |
||
| 942 |
_k821 _cBK _2ddc |
||
| 999 |
_c16671 _d16671 |
||